header

LBJ's American promise (Record no. 136742)

MARC details
000 -LEADER
fixed length control field 01614nam a2200397Ia 4500
082 04 - DEWEY DECIMAL CLASSIFICATION NUMBER
Classification number 324.6/208996073
100 1# - MAIN ENTRY--AUTHOR NAME
Personal name Pauley, Garth E.,
245 10 - TITLE STATEMENT
Title LBJ's American promise
250 ## - EDITION STATEMENT
Edition statement 1st ed.
260 ## - PUBLICATION, DISTRIBUTION, ETC. (IMPRINT)
Place of publication College Station :
Name of publisher Texas A&M University Press,
Year of publication c2007.
300 ## - PHYSICAL DESCRIPTION
Number of Pages 180 p. :
Other physical details ill.
490 1# - SERIES STATEMENT
Series statement Library of presidential rhetoric
650 #0 - SUBJECT ADDED ENTRY--TOPICAL TERM
Topical Term African Americans
Topical Term Voter registration
856 40 - ELECTRONIC LOCATION AND ACCESS
Uniform Resource Identifier http://site.ebrary.com/lib/rucke/Doc?id=10447175

No items available.

© 2026 Rongo University
Contact us: librarian | system librarian | Rongo university